[Event "ROM-chT (Women)"]
[Site "Mamaia"]
[Date "2012.09.29"]
[Round "7.3"]
[White "Anusca, Madalina Maria"]
[Black "Padurariu, Ioana Smaranda"]
[Result "0-1"]
[WhiteElo "2072"]
[BlackElo "2236"]
[PlyCount "70"]
[EventDate "2012.09.22"]
[EventType "team-tourn"]
[EventRounds "7"]
[EventCountry "ROU"]
[SourceTitle "CBM 150 Extra"]
[Source "ChessBase"]
[SourceDate "2012.10.19"]
[SourceVersion "1"]
[SourceVersionDate "2012.10.19"]
[SourceQuality "1"]
[WhiteTeam "Bucharest CSM (W)"]
[BlackTeam "Iasi Politehnica (W)"]
[WhiteTeamCountry "ROU"]
[BlackTeamCountry "ROU"]

1. d4 Nf6 2. Nf3 e6 3. c4 c5 4. d5 d6 5. Nc3 exd5 6. cxd5 g6 7. Bf4 Bg7 8. e3 0-0 9. Be2 a6 10. a4 Qe7 11. Nd2 Nbd7 12. 0-0 Rb8 13. a5 Ne8 14. Na4 b5 15. axb6 Nxb6 16. Nxb6 Rxb6 17. Nc4 Rb8 18. Qc2 f5 19. h3 g5 20. Bh2 f4 21. Bf3 Nc7 22. Qd2 Rb4 23. Rac1 Qf6 24. Rfe1 Nb5 25. Rf1 a5 26. b3 a4 27. bxa4 Nc3 28. Nxd6 Qxd6 29. Rxc3 Bxc3 30. Qxc3 Ba6 31. Re1 Rfb8 32. e4 Rb1 33. e5 Rxe1+ 34. Qxe1 Qxe5 35. Qc1 Bd3 0-1

[Event "ROM-chT (Women)"]
[Site "Mamaia"]
[Date "2012.09.27"]
[Round "5.3"]
[White "Anusca, Madalina Maria"]
[Black "Lolici, Iselin Amanda"]
[Result "1/2-1/2"]
[WhiteElo "2072"]
[BlackElo "1939"]
[PlyCount "74"]
[EventDate "2012.09.22"]
[EventType "team-tourn"]
[EventRounds "7"]
[EventCountry "ROU"]
[SourceTitle "CBM 150 Extra"]
[Source "ChessBase"]
[SourceDate "2012.10.19"]
[SourceVersion "1"]
[SourceVersionDate "2012.10.19"]
[SourceQuality "1"]
[WhiteTeam "Bucharest CSM (W)"]
[BlackTeam "Lugoj CSM (W)"]
[WhiteTeamCountry "ROU"]
[BlackTeamCountry "ROU"]

1. d4 Nf6 2. Nf3 g6 3. Nc3 d5 4. Bf4 Bg7 5. e3 0-0 6. Be2 Nbd7 7. 0-0 c6 8. Rc1 h6 9. h3 Ne4 10. Nxe4 dxe4 11. Nd2 f5 12. f3 exf3 13. Nxf3 Re8 14. Bc4+ e6 15. Qe1 b5 16. Bb3 Kh7 17. Qg3 c5 18. dxc5 Nxc5 19. Rcd1 Qe7 20. Be5 Bb7 21. Rd4 Rad8 22. Rfd1 Nxb3 23. axb3 Bxf3 24. gxf3 Rxd4 25. Rxd4 Rd8 26. Bxg7 Kxg7 27. Qe5+ Kh7 28. c3 Rxd4 29. Qxd4 e5 30. Qd5 f4 31. exf4 exf4 32. Kf1 Qe3 33. Qf7+ Kh8 34. Qf8+ Kh7 35. Qf7+ Kh8 36. Qf8+ Kh7 37. Qf7+ Kh8 1/2-1/2

[Event "ROM-chT U20 Girls"]
[Site "Mamaia"]
[Date "2012.09.07"]
[Round "5"]
[White "Anusca, Madalina Maria"]
[Black "Olarasu, Ioana"]
[Result "1-0"]
[WhiteElo "2070"]
[BlackElo "1772"]
[PlyCount "87"]
[EventDate "2012.09.03"]
[EventType "team-swiss"]
[EventRounds "5"]
[EventCountry "ROU"]
[SourceTitle "CBM 150 Extra"]
[Source "ChessBase"]
[SourceDate "2012.10.19"]
[SourceVersion "1"]
[SourceVersionDate "2012.10.19"]
[SourceQuality "1"]

1. d4 Nf6 2. c4 e6 3. Nf3 Bb4+ 4. Bd2 Qe7 5. g3 Bxd2+ 6. Qxd2 0-0 7. Nc3 d6 8. Bg2 a5 9. 0-0 e5 10. d5 Na6 11. b3 Bd7 12. e3 Nc5 13. Qc2 Ne8 14. a3 b6 15. b4 Nb7 16. Nd2 f5 17. f4 g6 18. Rae1 Ng7 19. Nf3 axb4 20. axb4 Nd8 21. c5 e4 22. cxd6 Qxd6 23. Ne5 Nf7 24. Nxf7 Kxf7 25. Qb3 Ra7 26. Ra1 Rfa8 27. Rxa7 Rxa7 28. Rc1 Ne8 29. Bf1 Kf8 30. Qb2 Kg8 31. Rd1 Nf6 32. Bb5 Ng4 33. Qd2 Ra3 34. h3 Nf6 35. Bxd7 Qxd7 36. Qb2 Ra8 37. Qb3 Kg7 38. Ne2 Nh5 39. Kf2 h6 40. Rc1 g5 41. Qc3+ Kf8 42. Qh8+ Ke7 43. Qxa8 gxf4 44. gxf4 1-0

[Event "Wch U20 Girls 30th"]
[Site "Athens"]
[Date "2012.08.14"]
[Round "12"]
[White "Schut, Lisa"]
[Black "Anusca, Madalina Maria"]
[Result "1-0"]
[WhiteElo "2305"]
[BlackElo "2079"]
[PlyCount "87"]
[EventDate "2012.08.02"]
[EventType "swiss"]
[EventRounds "13"]
[EventCountry "GRE"]
[SourceTitle "CBM 149 Extra"]
[Source "ChessBase"]
[SourceDate "2012.08.24"]
[SourceVersion "1"]
[SourceVersionDate "2012.08.24"]
[SourceQuality "1"]

1. e4 c5 2. Nf3 Nc6 3. d4 cxd4 4. Nxd4 g6 5. c4 Nf6 6. Nc3 Nxd4 7. Qxd4 d6 8. f3 Bg7 9. Be3 0-0 10. Qd2 Be6 11. Rc1 Qa5 12. Be2 Rfc8 13. b3 a6 14. Na4 Qxd2+ 15. Kxd2 Nd7 16. g4 Rcb8 17. Nc3 b5 18. Nd5 Bxd5 19. cxd5 Rc8 20. Rc6 Ne5 21. Rxc8+ Rxc8 22. Rc1 Rxc1 23. Kxc1 Kf8 24. a4 bxa4 25. bxa4 a5 26. Bb6 Nd7 27. Bxa5 Nc5 28. Bd1 Be5 29. h3 Ke8 30. Kb1 h5 31. Be2 Kd7 32. Bb5+ Kc8 33. Ka2 hxg4 34. hxg4 g5 35. Ka3 f6 36. Bc6 Nd3 37. Bb6 Nb2 38. Kb3 Nxa4 39. Bxa4 Bf4 40. Kc4 Be5 41. Kb5 Kd7 42. Ka6+ Kc8 43. Be8 Bc3 44. Kb5 1-0

[Event "Wch U20 Girls 30th"]
[Site "Athens"]
[Date "2012.08.12"]
[Round "10"]
[White "Abdulla, Khayala Mardan Qizi"]
[Black "Anusca, Madalina Maria"]
[Result "1-0"]
[WhiteElo "2217"]
[BlackElo "2079"]
[PlyCount "77"]
[EventDate "2012.08.02"]
[EventType "swiss"]
[EventRounds "13"]
[EventCountry "GRE"]
[SourceTitle "CBM 149 Extra"]
[Source "ChessBase"]
[SourceDate "2012.08.24"]
[SourceVersion "1"]
[SourceVersionDate "2012.08.24"]
[SourceQuality "1"]

1. e4 c5 2. Nf3 Nc6 3. d4 cxd4 4. Nxd4 g6 5. c4 Nf6 6. Nc3 Nxd4 7. Qxd4 d6 8. Bg5 Bg7 9. Qd2 0-0 10. Bd3 Be6 11. 0-0 Rc8 12. b3 Re8 13. f4 a6 14. Rac1 Qa5 15. Be2 b5 16. f5 Bd7 17. fxg6 hxg6 18. Qf4 Be6 19. Nd5 Bxd5 20. exd5 Qxa2 21. Bxf6 exf6 22. Bf3 f5 23. cxb5 Rxc1 24. Qxc1 axb5 25. Qc6 Qa7+ 26. Kh1 Qb8 27. Qa6 Rc8 28. Be2 Rc5 29. Rd1 b4 30. Bc4 Be5 31. Qa2 Kg7 32. Qf2 Ra5 33. Re1 Qa8 34. g3 Bc3 35. Re2 Ra1+ 36. Kg2 Rd1 37. Ra2 Qh8 38. Qf3 Bd4 39. Qxd1 1-0